[Event "16th Asian Games Rapid"]
[Site "Guangzhou CHN"]
[Date "2010.11.16"]
[Round "9"]
[White "Al-Saffar, Araz Basim Mohammed S"]
[Black "Yamada, Kohei"]
[Result "1-0"]
[WhiteTitle "IM"]
[WhiteElo "2349"]
[BlackElo "2091"]
[WhiteFideId "4801040"]
[BlackFideId "7000936"]
[EventDate "2010.11.13"]

1. d4 d5 2. c4 c6 3. Nf3 Nf6 4. Nc3 dxc4 5. a4 Bf5 6. e3 e6 7. Bxc4 Bb4 8. O-O
O-O 9. Qb3 Qe7 10. a5 c5 11. Ne5 Nc6 12. Nxc6 bxc6 13. Rd1 Rab8 14. Qa4 Qc7 15.
Be2 Qe7 16. Bc4 Qc7 17. Be2 Rfd8 18. Bf3 Bg4 19. Bxg4 Nxg4 20. g3 Nf6 21. a6 h6
22. Na2 Qb6 23. Nxb4 Qxb4 24. Qxc6 cxd4 25. exd4 Rd6 26. Qc3 Nd5 27. Qc5 Qxc5
28. dxc5 Rc6 29. Bf4 Rxb2 30. Bd6 Nb4 31. Rab1 Rxb1 32. Rxb1 Nxa6 33. Rb5 Nc7
34. Rb8+ Kh7 35. Rc8 1-0

[Event "16th Asian Games Rapid"]
[Site "Guangzhou CHN"]
[Date "2010.11.16"]
[Round "9"]
[White "Malkawi, Fadi"]
[Black "Tologontegin, Semetey"]
[Result "0-1"]
[WhiteTitle "FM"]
[BlackTitle "FM"]
[WhiteElo "2089"]
[BlackElo "2330"]
[WhiteFideId "8100420"]
[BlackFideId "13800574"]
[EventDate "2010.11.13"]

1. e4 c6 2. Nf3 d5 3. Nc3 Bg4 4. exd5 cxd5 5. d4 Nf6 6. Be2 Nc6 7. Ne5 Nb8 8.
Nf3 Nc6 9. Ne5 Bxe2 10. Nxe2 e6 11. O-O Bd6 12. Nf3 Qc7 13. Ng3 O-O 14. c3 b5
15. Bg5 Ne4 16. Qd3 h6 17. Be3 f5 18. Bd2 Rab8 19. Rac1 Na5 20. Qe2 Nc4 21. b3
Nb6 22. Ne5 Nxd2 23. Qxd2 f4 24. Ne2 Bxe5 25. dxe5 Qxe5 26. Nd4 Qf6 27. Nxb5 f3
28. Nxa7 Qg6 29. g3 Qg4 30. Kh1 Rf5 31. Qe3 e5 32. Rg1 Rh5 33. Rg2 fxg2+ 34.
Kxg2 Qh3+ 35. Kf3 Rf8+ 36. Ke2 Qg4+ 37. Kd2 Rxh2 38. Rf1 d4 39. cxd4 exd4 40.
Qe1 Nd5 41. Kc2 Ne3+ 0-1

[Event "16th Asian Games Rapid"]
[Site "Guangzhou CHN"]
[Date "2010.11.16"]
[Round "9"]
[White "Alshoha, Basel"]
[Black "Lee, Kiyul"]
[Result "0-1"]
[WhiteElo "2106"]
[BlackElo "1945"]
[WhiteFideId "8101914"]
[BlackFideId "13200054"]
[EventDate "2010.11.13"]

1. e4 e5 2. Bc4 Nf6 3. Qe2 Nc6 4. Nf3 Bc5 5. O-O d6 6. Rd1 Bg4 7. c3 O-O 8. d3
Bb6 9. h3 Bh5 10. Nbd2 Re8 11. Nf1 d5 12. Bb3 Qd6 13. Ng3 Bg6 14. Nh4 Ne7 15.
Bg5 Rad8 16. Qf3 c6 17. a4 a5 18. Rac1 d4 19. Nhf5 Bxf5 20. Nxf5 Nxf5 21. Qxf5
Rd7 22. Bxf6 gxf6 23. Qg4+ Kh8 24. Qh5 Rg8 25. h4 Qf8 26. Qf5 Qg7 27. Qf3 Qh6
28. Kf1 Qxh4 29. g3 Qg5 30. Kg2 Rg6 31. Rh1 Qg4 32. Qxg4 Rxg4 33. Rh3 dxc3 34.
bxc3 Rxd3 35. Bxf7 Rg7 36. Be6 Rd2 37. Rf1 Rc2 38. c4 Bd4 39. g4 Ra2 40. Bf5 Kg8
41. Be6+ Kf8 42. Bf5 Rxa4 43. Bxh7 Rxc4 44. Bf5 Ke7 45. Rh8 Kd6 46. Rf8 Kc5 47.
Rxf6 a4 48. Be6 Rc2 49. Rf7 Rxf7 50. Bxf7 a3 51. g5 a2 52. g6 Rxf2+ 53. Rxf2
a1=Q 54. g7 Bxf2 55. Kxf2 Qd4+ 56. Kf1 Qd1+ 57. Kf2 Qd2+ 0-1

[Event "16th Asian Games Rapid"]
[Site "Guangzhou CHN"]
[Date "2010.11.16"]
[Round "9"]
[White "Modallal, Tarek"]
[Black "Abdul Rahman Ali"]
[Result "1-0"]
[WhiteElo "2028"]
[BlackElo "1936"]
[WhiteFideId "5300630"]
[BlackFideId "16700066"]
[EventDate "2010.11.13"]

1. e4 e6 2. d4 d5 3. Nc3 c6 4. Nf3 Bb4 5. e5 Ne7 6. Bd3 Nd7 7. O-O a6 8. Ne2 Ng6
9. c3 Be7 10. Be3 b6 11. Rc1 c5 12. Re1 c4 13. Bb1 O-O 14. Qc2 Re8 15. g3 Ndf8
16. h4 f6 17. exf6 Bxf6 18. h5 Ne7 19. h6 g6 20. Bg5 Nf5 21. Qd2 Bxg5 22. Nxg5
Qf6 23. Qf4 Nd7 24. Nf3 e5 25. dxe5 Nxe5 26. Nxe5 Qxe5 27. Qd2 Bd7 28. Nf4 Qd6
29. Qxd5+ Qxd5 30. Nxd5 Rxe1+ 31. Rxe1 Rf8 32. Nxb6 Bb5 33. a4 Bc6 34. Re6 Bf3
35. Be4 Bg4 36. Nxc4 Nxg3 37. Re7 Ne2+ 38. Kg2 Nf4+ 39. Kg3 Be6 40. Nd6 Nh5+ 41.
Kg2 Bg4 42. Nc4 Nf4+ 43. Kg3 Be6 44. Nd6 Nh5+ 45. Kg2 Bb3 46. c4 Bxa4 47. Bd5+
Kh8 48. Nf7+ Kg8 49. Ng5+ Kh8 50. Rxh7# 1-0